000 004310000a22001810004500
003 MACL
005 20160129154947.0
008 160129b xxu||||| |||| 00| 0 eng d
040 _aMACL
_cMACL
041 _aEnglish
082 _a800/HAK
100 _aHaksar, A N D
_935571
245 _aThe Hitopadesa
260 _bPenguin Books
_c1998
_aNew Delhi
350 _a200
650 _aLiterature
_935572
942 _cBK
_k800/HAK
_2ddc
999 _c32214
_d32214